| 000 | 01894 a2200229 4500 | ||
|---|---|---|---|
| 001 | 28197 | ||
| 005 | 20260407155554.0 | ||
| 008 | 260407a1963 arg spa d | ||
| 003 | AR-UNSa-BCEJYS | ||
| 040 |
_aAR-UNSa-BCEJYS _bspa _cAR-UNSa-BCEJYS |
||
| 080 |
_a657 _xContabilidad |
||
| 245 | 1 | 0 |
_aCurso de contabilidad _pIntermedia |
| 250 | _a2a. ed | ||
| 264 | 1 |
_aMéxico : _bUnión Tipográfica Editorial Hispano-Americana (UTEHA) _c1963 |
|
| 300 |
_a2 v.(979; 560 p.) _c23 cm. |
||
| 505 | _aVol. I: Teoría y preguntas y problemas: 1. Procedimiento de contabilidad - 2. Hojas de trabajo. Procedimientos de cierre - 3. Estados financieros - 4. Concepto de la utilidad neta y correcciones a los resultados de ejercicios anteriores - 5. Capital social - 6. Superávit y dividendos - 7. Tópicos diversos relacionados con el capital contable - 8. Principios de contabilidad generalmente aceptados - 9. Efectivo - 10. Partidas a cobrar - 11. Inventarios - 12. Inventarios (continuación) - 13. Inventarios (concluye) - 14. Inversiones - 15. Inversiones (concluye) - 16. Activo fijo tangible - 17. Activo fijo tangible (continúa) - 18. Activo fijo tangible (concluye) - 19. Activo intangible - 20. Pasivo y reservas - 21. Interpretación de los estados financieros - 22. El análisis del capital de trabajo - 23. Análisis de las operaciones - 24. Estado de aplicación de fondos - 25. Estado de la corriente de efectivo - 26. Estados preparados de registros incompletos - 27. Cuasi-reorganizacioes. Combinaciones de negocios. Reorganizaciones divisivas - 28. Distribución de impuesto sobre la renta - 29. Impacto del nivel de los precios sobre los estados financieros -- Vol. II: Soluciones a los problemas y respuestas a las preguntas | ||
| 942 | _cBK | ||
| 590 | _aniveau_biblio:m niveau_hierar:0 | ||
| 100 | 1 | _aFinney, H.A. | |
| 700 | 1 | _aMiller, Herbert E. | |
| 700 | 1 | _aGuasch Rubio, Luis | |
| 999 |
_c1671 _d1671 |
||